KOHA-Header-6

Scary Smart: The Future of Artificial Intelligence and How You Can Save Our World (Record no. 14070)

000 -LEADER
fixed length control field 00316nam a22001217a 4500
020 ## - INTERNATIONAL STANDARD BOOK NUMBER
ISBN 9781529077629
082 ## - DEWEY DECIMAL CLASSIFICATION NUMBER
Classification number 006.3
100 ## - MAIN ENTRY--AUTHOR NAME
Personal name Mo Gawdat
245 ## - TITLE STATEMENT
Title Scary Smart: The Future of Artificial Intelligence and How You Can Save Our World
260 ## - PUBLICATION, DISTRIBUTION, ETC. (IMPRINT)
Place of publication UK
Name of publisher Pan Macmillan
Year of publication 2021
300 ## - PHYSICAL DESCRIPTION
Number of Pages 326 pages
942 ## - ADDED ENTRY ELEMENTS (KOHA)
Koha item type Books
Holdings
Withdrawn status Lost status Collection code Permanent Location Current Location Shelving location Date acquired Full call number Accession Number Koha item type
    Computer Science MAJU MAJU Shelf No.A32 2025-09-05 006.3 11147 Books

Powered by Koha